000 01679cam a2200445 4500
001 J124735
008 040107n2001 000 0 eng u
035 _a(Sirsi) u124735
041 _aeng
050 _a711.026
_c18
110 _aGeneral Council of the Bar
_9691
245 _aJournal of Planning and Environment Law
_bplanning law - the Cappuccino Years
260 _aLondon
_bSweet and Maxwell
_c2001
300 _a100p,
_c25cm.
490 _aJournal of Planning and Environment Law
505 _aDevelopment and democracy: the place of human rights in our planning system after Alconbury
505 _aThe inspectorate, new procedures: now and the future
505 _aPlanning obligations - where are we now?
505 _aToo much or too little - water management and the land use planning system
505 _aHousing is not a disease: reflections on PPG 3 and regional guidance
505 _aUrban design - the new agenda in practice
520 _aPapers from a conference held at New College, Oxford 14-16 September 2001
650 _aENVIRONMENT LAW
650 _aWATER MANAGEMENT
650 _aHOUSING
650 _aURBAN DESIGN
650 _aPPG 3
650 _aR V SOS ENVIRONMENT, TRANSPORT AND THE REGIONS EX P ALCONBURY DEVELOPMENTS
690 _aPLANNING - PLANNING LAW
700 _aLindblom, Keith
700 _aHanchet, David
700 _aCunliffe, Michael
700 _aTromans, Stephen
700 _aBreheny, Michael
700 _aCrookston, Martin
700 _aHanchet, David
710 _aLaw Society of England and Wales
_91639
710 _aRoyal Institution of Chartered Surveyors
_94900
942 _n0
999 _c103273
_d103273